书目信息 |
| 题名: |
投资学精要(上册)
|
|
| 作者: | 兹维·博迪 著 | |
| 分册: | 上册 | |
| 出版信息: | 北京 中国人民大学出版社 |
|
| 页数: | 420 | |
| 开本: | 24 | |
| 丛书名: | ||
| 单 册: | ||
| 中图分类: | F283 | |
| 科图分类: | ||
| 主题词: | 基本建设经济 , 基本建设 , 基本建设经济学 , 基本建设优化学 | |
| 电子资源: | ||
| ISBN: | ||
| 000 | 00617nam0 2200205 450 | |
| 001 | 2438046885 | |
| 005 | 20241014161323.20 | |
| 100 | @a20241011d km y0chiy0120 ea | |
| 101 | 0 | @achi |
| 200 | 1 | @a投资学精要(上册)@ATou Zi Xue Jing Yao(Shang Ce)@h上册@f兹维.博迪等著@FZi Wei.Bo Di Deng Zhu |
| 210 | @a北京@c中国人民大学出版社 | |
| 215 | @a420@d24 | |
| 606 | 0 | @a基本建设经济 |
| 606 | 0 | @a基本建设 |
| 606 | 0 | @a基本建设经济学 |
| 606 | 0 | @a基本建设优化学 |
| 690 | @aF283@v4 | |
| 701 | 0 | @a兹维·博迪@AZi Wei·Bo Di@4著 |
| 801 | 0 | @aCN@b大连网信软件有限公司图书馆·11@c20241014 |
| 905 | @aZUCC@b6505614@dF283@e1904@f1 | |
| 投资学精要(上册).上册/兹维.博迪等著.-北京:中国人民大学出版社 |
| 420;24 |
| ISBN : |
| ● |
| 相关链接 |
|
|
|
|
正题名:投资学精要(上册)
索取号:F283/1904
 
预约/预借
| 序号 | 登录号 | 条形码 | 馆藏地/架位号 | 状态 | 备注 |
| 1 | 6505614 | 265056146 | 密集书库-海洋学院/ [索取号:F283/1904] | 在馆 |